[Event "Sao Paulo zt 2.4"]
[Site "Sao Paulo"]
[Date "2001.??.??"]
[Round "1"]
[White "Lima, Darcy Gustavo Macha"]
[Black "Matsuura, Everaldo"]
[Result "1/2-1/2"]
[WhiteElo "2550"]
[BlackElo "2467"]
[Annotator "Melao,H"]
[PlyCount "124"]
[EventDate "2001.06.07"]
[EventType "tourn"]
[EventRounds "9"]
[EventCountry "BRA"]
[EventCategory "8"]
[SourceTitle "CBM 082 Extra"]
[Source "ChessBase"]
[SourceDate "2001.07.03"]
[SourceVersion "1"]
[SourceVersionDate "2001.07.03"]
[SourceQuality "1"]

1. g3 Nf6 2. Bg2 d5 3. f4 g6 4. Nf3 Bg7 5. d3 O-O 6. O-O c5 7. Nc3 d4 {com 7...
d4 as Pretas desejam criar uma debilidade em 'e3'.} (7... b6 {1/2-1/2 Jacobsen,
B-Parma,B/Kapfenberg 1970/EU-chT}) 8. Na4 Qa5 ({O mais usual й} 8... Nbd7 {
como na partida Horvath-Farago, Budapeste, 1976, que seguiu} 9. c4 Qc7 10. b4
Rd8 11. Rb1 Rb8 12. f5 Ng4 13. Bf4 Nge5 14. fxg6 hxg6 15. bxc5 Nxf3+ 16. Bxf3
Ne5 17. Bd5 e6 18. Bg2 Bd7 19. Rb4 Bc6 20. h3 Rd7 21. Qd2 f5 22. Rf2 Re8 23.
Qd1 Bf6 24. Qf1 g5 25. Bd2 Rh7 26. e4 dxe3 27. Bxe3 Ng4 $1 $19 (27... Bxg2 28.
Kxg2 g4 29. h4 Qc6+ 30. Kg1 Nf3+ 31. Rxf3 gxf3 32. Kf2 e5 $19) 28. hxg4 Qxg3
29. Qc1 Rh2 30. Qd2 f4 {0-1}) (8... Nfd7 $5 {1/2-1/2 Tu Hoang Thong-Torre,E/
Quezon City 2000}) 9. c4 Bd7 (9... dxc3 10. Nxc3 Nc6 11. Bd2 e5 12. Nxe5 Nxe5
13. fxe5 Ng4 14. Nd5 Qd8 15. Qc1 Bxe5 16. h3 Be6 17. Nf4 Nf6 18. Nxe6 fxe6 19.
Bf4 Bxf4 20. Qxf4 Qd4+ 21. Qxd4 cxd4 22. Rac1 Nd5 23. Rxf8+ Rxf8 24. Rc4 Ne3
25. Rxd4 Rc8 26. Bxb7 Rc2 27. Kf2 Nf5 28. Ra4 Rxb2 29. Rxa7 Nd4 30. Bf3 h6 31.
a4 Ra2 32. h4 Kf8 33. g4 Nb3 34. Ke3 {1-0 Lima,D-Valle,A, Brasilia, 1997}) 10.
b3 Bc6 (10... Bxa4 $6 11. bxa4 Nbd7 12. Bd2 $1 (12. Rb1 Qc7 13. Ne5 Rab8 14.
Bd2 Nxe5 15. fxe5 Ng4 16. e6 f5 17. a5 Bh6 18. Bxh6 Nxh6 19. Rb5 Ng4 20. Qd2
Ne3 21. Rfb1 Nxg2 22. Kxg2 f4 23. g4 Qc6+ 24. Kf2 Qxe6 25. h3 Qf6 26. Rxc5 Qh4+
27. Kf3 Qxh3+ 28. Ke4 Qg2+ 29. Ke5 f3 {0-1 Grunberg,F-Patrascu,A, Tusnad, 2000}
) 12... Qc7 13. Rb1 Rab8 14. a5 Ne8 15. Qa4 Nd6 16. Rb3 e6 17. Rfb1 Rfe8 18.
Ng5 f5 19. a6 $1 b6 20. Qc6 Rbc8 21. Qxc7 Rxc7 22. a4 $16 h6 23. Nf3 Kh7 24. a5
Nc8 25. Ne1 Bf6 26. Nc2 g5 27. Na3 Nd6 28. axb6 axb6 29. Rxb6 $1 $18 Nxb6 30.
Rxb6 Nc8 31. Rb8 Rg8 32. Nb5 Re7 33. Bb7 Ree8 34. Nc7 Ref8 35. Nxe6 Re8 36. Nc7
Rxe2 37. Bxc8 Rxd2 38. Bxf5+ Kg7 39. Rxg8+ Kxg8 40. a7 {1-0 Maki,V-Nokso
Koivisto,A, Finlândia, 1992}) 11. Bh3 (11. Rb1 Nbd7 12. Kh1 e5 13. Nxe5 Bxg2+
14. Kxg2 Nxe5 15. fxe5 Nd7 16. e4 Bxe5 17. b4 cxb4 18. Bd2 Qc7 19. Bxb4 Rfe8
20. c5 Rab8 21. Qb3 Nf6 22. Nb2 a5 23. Bd2 Qxc5 24. Nc4 a4 25. Qb5 Qxb5 26.
Rxb5 Nd7 27. Rd5 b5 28. Na5 Nf6 29. Rxe5 Rxe5 30. Rxf6 Re6 31. Rxe6 fxe6 32.
Nc6 Rb6 33. Nb4 e5 34. a3 Kf7 35. Kf3 Ke6 36. Ke2 Rb7 37. Nd5 Rf7 38. Ba5 Rb7
39. Bd2 Rd7 40. Ba5 Rb7 41. Bb4 Rf7 {1/2-1/2 Berescu,A-Istrate,B, Timisu de
Sus, 1998}) (11. Bd2 Qc7 12. Nxc5 (12. b4 cxb4 13. Qb3 Ng4 14. Rab1 a5 15. a3
Na6 16. axb4 Nxb4 17. Rfc1 Ne3 18. Bxe3 dxe3 19. Nc3 Qd7 20. d4 Bxf3 21. Bxf3
Qxd4 22. Bxb7 Rab8 23. Nb5 Qb6 24. Bf3 e5 25. fxe5 Bxe5 26. Qa3 h5 27. Rb3 h4
28. Kg2 hxg3 29. hxg3 Qf6 30. Nc3 Kg7 31. Rbb1 Rh8 32. Ne4 Qf5 33. Rh1 Nc2 34.
Rxb8 Rxb8 35. Qe7 Nd4 36. Ng5 Nxf3 37. Nxf3 Bf6 38. Qxe3 Rc8 39. Nd2 Qe5 40.
Qxe5 Bxe5 41. Nf3 {0-1 Podzielny,K-Dieks,R, Groningen, 1974}) 12... Bxf3 13.
Bxf3 Qxc5 14. Bxb7 Nc6 15. Bxa8 Rxa8 16. Qe1 Ng4 17. b4 Qh5 18. h4 Ne3 19. Bxe3
dxe3 20. Rb1 Nd4 21. Kg2 Nxe2 22. Rf3 Nd4 23. Rxe3 Nc2 24. Qe2 Nxe3+ 25. Qxe3
e6 26. a4 Rd8 27. a5 Qf5 28. Qe4 Qf6 {0-1 Becx,C-Van der Sterren,P, Roosendaal,
1983}) (11. Nh4 Bxg2 12. Kxg2 Nbd7 13. e4 dxe3 14. Bxe3 Rad8 15. Qf3 Qc7 16.
Nc3 b6 17. Rad1 a6 18. g4 e6 19. Ne4 Nxg4 20. Qxg4 f5 21. Qh3 Qc6 22. Nf3 fxe4
23. Ng5 exd3+ 24. Kg1 Nf6 25. Nxe6 Qd7 26. Rf3 Rfe8 27. Nxd8 Qxd8 28. Bf2 Ne4
29. Rfxd3 Qe7 30. Qd7 Qf8 {0-1 Becx,C-Ligterink,G, Roosendaal 1983}) 11... Bd7
12. Bg2 Bc6 13. a3 Nbd7 14. Rb1 Rae8 15. e4 dxe3 16. Bxe3 e5 (16... Ng4 $5) 17.
Nxc5 $5 ({Se as Brancas jogassem para ganhar material, correriam o risco de
sofrer um ataque fulminante. Vejamos:} 17. Nxe5 Nxe5 18. fxe5 Rxe5 19. Bxc6 $6
(19. Bf4 $5 $13) 19... Rxe3 20. Bxb7 Rd8 21. b4 cxb4 22. axb4 {e as Brancas
teriam dois Peões passados e unidos (um de vantagem), mas perderiam
rapidamente, conforme podemos ver na seqüência:} Qc7 23. Qc1 (23. Bg2 Rexd3 24.
Qc1 Ng4 $19) 23... Rxg3+ $3 24. hxg3 Qxg3+ 25. Bg2 (25. Kh1 Ng4 26. Rb2 $1 Qh4+
27. Kg2 Qh2+ 28. Kf3 Rxd3+ $1 29. Ke4 $8 Rd4+ 30. Kf3 Ne5+ 31. Ke3 Rd3+ 32. Ke4
Qh4+ 33. Qf4 f5#) 25... Ng4 26. Rf4 (26. Qf4 Bd4+ 27. Kh1 Qh4+) 26... Bd4+ $1
27. Rxd4 (27. Kf1 Qxd3+ 28. Ke1 Re8+) 27... Rxd4 28. Nc5 Qf2+ 29. Kh1 Ne3 $19)
17... exf4 (17... Nxc5 $4 18. b4 Qxa3 19. Bxc5 $18) 18. b4 Qb6 19. Bxf4 $6 {
caminhando para um final inferior, mas com algumas chances de empate...} (19.
Bd4 $1 {manteria o jogo bastante agudo.}) 19... Nxc5 20. bxc5 Qxc5+ 21. d4 (21.
Kh1 Ng4 $17) 21... Qxc4 $1 22. Ne5 ({Se as Brancas jogassem para ganhar
qualidade, teriam sérios problemas devidos а invasão pela sétima (segunda)
fila.} 22. Bd6 $2 Re2 23. Bxf8 Qa2 $40 24. Bh1 (24. Qxe2 Qxe2 25. Rfe1 Qc4 26.
Bb4 Nd5) 24... Bxf8 $17) 22... Qe6 23. Nxc6 bxc6 24. Rb7 {da maneira como
seguiu, as Brancas conseguem alguma compensação pelo Peão graças ao par de
Bispos e а entrada na sétima.} Nd5 25. Kh1 Re7 26. Rxe7 Qxe7 27. Qa4 Nxf4 (
27... Rd8 $5 {aumentando a pressão sobre o ponto 'd4' e conservando algumas
chances de vitória.}) 28. gxf4 $15 {^-} Rd8 29. Qxc6 Bxd4 30. a4 Bb6 31. f5 Qd6
32. fxg6 hxg6 33. Qxd6 Rxd6 34. Ra1 Rd2 35. a5 Bd4 36. Rf1 Kg7 37. a6 f5 38. h4
Rf2 {a troca de Torres praticamente anula qualquer chance preta de vitória.}
39. Kh2 Be5+ 40. Kg1 Rxf1+ 41. Bxf1 Bg3 42. h5 $1 $11 g5 {último esforço para
vencer. A partida deve estar empatada, mas as Brancas precisam se esmerar na
defesa!} (42... gxh5 $11 {estaria empatado, porque o Rei branco ficaria em
'g2' enquanto o Bispo branco controlaria a diagonal 'd1-h5' (evitando Kg4, h3).
}) 43. Bd3 Kf6 44. h6 Be5 (44... Kg6 45. h7 Be5) 45. h7 Kg6 46. Kf2 g4 47. Ke3
Kg5 48. Bb5 Bf6 49. Bd3 Bg7 50. Bb5 Bf6 51. Bd3 Bh8 52. Bb5 f4+ 53. Ke4 $1 {
depois disso a posição das Pretas já não pode evoluir.} (53. Kf2 Kh6 $1 54. Bd3
Bd4+ $1 55. Kg2 f3+ 56. Kg3 Kg5 57. Bf1 Be5+ 58. Kf2 Kf4 $19) 53... f3 54. Bd7
Bg7 55. Be6 Bh8 56. Bd7 Bb2 57. Be6 Ba1 58. Bd7 Bc3 59. Be6 Bf6 60. Bd7 Bh8 61.
Be6 Ba1 62. Bd7 Bb2 1/2-1/2

[Event "Bjeljina Renome"]
[Site "Bijeljina Dvorovi"]
[Date "2000.02.05"]
[Round "10"]
[White "Grunberg, Mihai Lucian"]
[Black "Lazic, Miroljub"]
[Result "1-0"]
[WhiteElo "2409"]
[BlackElo "2478"]
[Annotator "Petronic,J"]
[PlyCount "167"]
[EventDate "2000.01.26"]
[EventType "tourn"]
[EventRounds "11"]
[EventCountry "YUG"]
[EventCategory "7"]
[SourceTitle "CBM 074 Extra"]
[Source "ChessBase"]
[SourceDate "2000.03.10"]
[SourceVersion "2"]
[SourceVersionDate "2000.03.10"]
[SourceQuality "1"]

1. f4 d5 2. Nf3 Nc6 3. e3 Nf6 4. b3 d4 5. Bb5 dxe3 6. Bxc6+ bxc6 7. dxe3 Qxd1+
8. Kxd1 Bf5 9. Bb2 Nd5 10. Re1 Bg4 11. a3 O-O-O 12. Kc1 Bxf3 13. gxf3 Rg8 14.
c4 Nb6 15. h4 e6 16. Ra2 Be7 17. Rg1 Bc5 18. Re1 Rd3 19. Kc2 Rxe3 20. Rxe3 Bxe3
21. Bc1 Bxc1 22. Kxc1 Rd8 23. Rd2 Nd7 24. Nc3 Nf6 25. Rxd8+ Kxd8 26. Kd2 Nh5
27. Ke3 Ng3 28. Kf2 Nf5 29. h5 h6 30. Na4 Nd6 31. Nc5 Ne8 32. Nd3 Nf6 33. Ne5
Kc8 34. Nxc6 Nxh5 35. Ke3 a6 36. Nb4 Kb7 37. Nd3 Ng3 38. Ne5 Nf5+ 39. Kd3 f6
40. Nd7 Kc6 41. Nb8+ Kb7 42. Nd7 h5 43. b4 h4 44. Ke2 Nd4+ 45. Kf2 a5 46. Kg2
axb4 47. axb4 Kc6 48. Nc5 Kd6 49. Ne4+ Ke7 50. Nd2 Ne2 51. Kh3 Nxf4+ 52. Kxh4
Nd3 53. b5 Nc5 54. Kh5 Kf7 55. Nf1 g6+ 56. Kh6 g5 57. Kh5 Nb3 58. Ne3 Nd4 59.
Kg4 Kg6 60. Nd1 f5+ 61. Kg3 Kf6 62. Nb2 Ke7 63. Kf2 Kd6 64. Nd3 Nb3 65. Ke3 Nc5
66. Nb4 e5 67. Nd5 f4+ 68. Ke2 e4 69. fxe4 Nxe4 70. Kd3 Nc5+ 71. Kd4 Ne6+ 72.
Ke4 Kc5 73. Ke5 g4 74. Nxc7 f3 $6 75. Nxe6+ Kb6 $8 (75... Kxc4 76. b6 f2 77. b7
f1=Q 78. b8=Q $16) 76. c5+ Ka7 $4 (76... Kxb5 77. Nd4+ Kxc5 78. Nf5 $11) 77.
b6+ $18 Kb8 78. c6 f2 79. Nc5 (79. Nf8 $18) 79... f1=Q 80. Nd7+ Kc8 81. b7+ Kc7
82. b8=Q+ Kxc6 $8 83. Qd6+ Kb7 (83... Kb5 84. Qb6+ $1 Kc4 (84... Ka4 85. Nc5+
Ka3 86. Qb3#) 85. Qa6+ $18) 84. Nc5+ 1-0

[Event "Cappelle op 32nd"]
[Site "Cappelle la Grande"]
[Date "2016.02.19"]
[Round "8"]
[White "Berkes, Ferenc"]
[Black "Blomqvist, Erik"]
[Result "0-1"]
[WhiteElo "2649"]
[BlackElo "2515"]
[Annotator "Primel,D"]
[PlyCount "158"]
[EventDate "2016.02.13"]
[EventType "swiss"]
[EventRounds "9"]
[EventCountry "FRA"]
[SourceTitle "EXT 2017"]
[Source "ChessBase"]
[SourceDate "2016.10.25"]
[SourceVersion "1"]
[SourceVersionDate "2016.10.25"]
[SourceQuality "1"]
[TimeControl "40/5400+30:1800+30"]
[WhiteClock "1:30:00"]
[BlackClock "1:30:00"]

1. f4 $6 d5 2. Nf3 g6 3. e3 Bg7 4. d4 c5 5. c3 Nf6 6. Bd3 O-O 7. O-O b6 8. Qe2
Bb7 $11 9. Bd2 Qc8 10. Be1 Ba6 11. Bh4 Bxd3 $146 ({Pertinent:} 11... Qb7 12.
Ne5 Bxd3 13. Nxd3 Ne4 14. f5 Nc6 15. Nd2 c4 16. Nf4 Nxd2 17. Qxd2 Qd7 18. Qc2
Bh6 19. Rf3 e5 20. Nh5 Qd6 21. Nf6+ Kh8 22. Rh3 Ne7 23. Bg3 Nxf5 24. Bxe5 Qe6
25. g4 {1-0 (25) Abdulla,A (2514)-Hossain,E (2484) Dhaka 2008}) 12. Qxd3 Qa6
13. Qxa6 Nxa6 14. Nbd2 e6 15. Ne5 Rfc8 16. Bxf6 Bxf6 17. g4 Bg7 18. Kf2 Kf8 19.
Ke2 Ke7 20. h4 Nc7 21. Rh1 Ne8 22. h5 Nd6 23. a4 Rc7 24. hxg6 hxg6 25. Rh7 Rg8
26. Rah1 a6 27. Nd3 Rcc8 28. Kf3 Bf6 29. g5 Bg7 30. Ra1 a5 31. Rah1 Nf5 32. Ne5
Rc7 33. Nd3 Rb8 34. Ra1 Rcc8 35. Rhh1 Rh8 36. Kf2 Nd6 37. Ke2 Nf5 38. Kf2 Nd6
39. Ke2 Nf5 40. Kf3 Rhc8 41. Rh2 Rc7 42. Ra2 Rcc8 43. Ra1 Rc7 44. Rh7 Rcc8 45.
Nf1 c4 46. Nf2 Rh8 47. Rxh8 Rxh8 48. Ng3 f6 49. Nxf5+ exf5 50. Rb1 Kd6 51. b3
cxb3 52. Rxb3 Kc6 53. Rb5 fxg5 54. fxg5 Bf8 $15 55. Nd3 Bd6 56. Nb2 Rh3+ 57.
Ke2 Rh2+ 58. Kd1 $2 (58. Kf3) 58... f4 59. exf4 Bxf4 60. c4 Rd2+ 61. Kc1 dxc4
62. Rxb6+ Kxb6 63. Nxc4+ Kc6 64. Nxd2 Kd5 65. Kc2 Bxd2 66. Kxd2 Kxd4 67. Ke2
Ke4 68. Kd2 Kf4 69. Kd3 Kxg5 70. Kc4 Kf4 71. Kb5 g5 72. Kxa5 g4 73. Kb6 g3 74.
a5 g2 75. a6 g1=Q+ 76. Kb7 Qb1+ 77. Ka8 Qe4+ 78. Kb8 Qe8+ 79. Kb7 Qb5+ 0-1

[Event "Paris Apsap op 103rd"]
[Site "Paris"]
[Date "2008.08.11"]
[Round "6"]
[White "Camus de Solliers, Guillaume"]
[Black "Guliyev, Namig"]
[Result "1/2-1/2"]
[WhiteElo "2319"]
[BlackElo "2510"]
[Annotator "Primel,D"]
[PlyCount "71"]
[EventDate "2008.08.06"]
[EventType "swiss"]
[EventRounds "9"]
[EventCountry "FRA"]
[SourceTitle "EXT 2010"]
[Source "ChessBase"]
[SourceDate "2010.11.25"]
[SourceVersion "1"]
[SourceVersionDate "2010.11.25"]
[SourceQuality "1"]

1. d4 d5 2. e3 Nf6 3. Bd3 {[%cal Gf2f4] Les blancs veulent renter dans une
attaque Stonewall qui n'a pas trés bonne réputation théorique.} Nbd7 $6 {
[%csl Rc8] Les noirs ont plusieurs bonnes alternatives qui donnent au moins
l'égalité mais Nbd7 est trés passif} (3... c5 $142 {le plus souple} 4. c3 Nc6
5. f4 $6 Bg4 6. Nf3 e6 7. Nbd2 Bd6 $11 (7... Qc7 8. O-O) (7... cxd4 8. exd4 Bd6
) 8. O-O (8. dxc5 Bxc5 9. Nb3 Bd6 10. O-O e5) 8... cxd4 $1 9. cxd4 Rc8 {
[%csl Rc1,Re3];Valderrama,E (2326)-Korneev,O (2611) Huila Centenary op 2005 (1)
0-1} (9... Qb6)) (3... Nc6 4. f4 Nb4 {[%csl Rd3]} 5. Be2 Bf5 6. Na3 c5 $11 {
Laube,B (2267)-Kuba,G (2307) AUT-chT 0203 2002 (4.3) 0-1}) (3... g6 4. f4 Bg7
5. Nf3 O-O 6. O-O b6 7. Nbd2 Ba6 $11 {Mihut,I-Lukacs,P (2440) HUN-chT2 Hungary
1996 (2) 0-1}) (3... c6 4. f4 Bg4 $11) 4. f4 {Normalement l'attaque Stonewall
est trés douteuse mais après Nbd7 ,elle est jouable.} g6 5. Nf3 Bg7 6. O-O (6.
Nbd2) 6... b6 (6... O-O {normalement b6 se joue après le 00 mais c'est une
simple interversion de coups.}) 7. Nbd2 Bb7 8. c3 O-O 9. Ne5 {[%csl Ge5] Il
est toujours réjouissant de voir Rykba 2.3 proposer des coups idiots dans ce
genre de position comme b3 ou même b4.} Ne4 $11 10. a4 a6 11. Qb3 (11. a5 $5 b5
{[%csl Gc5]} 12. Nxd7 Qxd7 13. Bxe4 dxe4 14. Nb3 {[%csl Rb7,Rc1,Gc5][%cal
Gf4f5,Gc1d2,Gd2e1,Ge1h4]} (14. f5) 14... f6 {[%cal Ge7e5]} 15. Nc5 Qd5 16. f5
Bc8 17. fxg6 hxg6 18. Qc2 {[%cal Gc2e4]} f5 $11) 11... Nd6 12. a5 b5 13. Nxd7
Qxd7 14. Qc2 e6 15. Nb3 Bc6 16. Nc5 Qc8 17. Be2 Rd8 18. b3 {[%csl Gc4]} Nb7 19.
Nxb7 Bxb7 20. Ba3 Bf8 21. Bxf8 Rxf8 22. b4 $14 {[%csl Rb7] (=)} Qd7 {Malgré le
mauvais B, le GMI refuse la nulle mais les noirs ont au mieux l'égalité et en
voulant forcer la position, GULIYEV va s'exposer а une attaque "venue de nulle
part".} 23. h4 $1 f6 24. h5 gxh5 25. Rf3 Rae8 26. Rg3+ Kh8 27. Bxh5 Re7 28. Kf2
e5 29. Rh1 exf4 30. exf4 Qd6 31. Rh4 Bc8 $2 (31... f5 32. Bg6 Qe6) 32. Bg6 $1
f5 $4 33. Bh5 $4 {ratant le gain!} (33. Qd1 $1 $18 {[%csl Rh7][%cal Gd1h5,
Gh5f5,Gh5h7]} Rg7 34. Qh1 Qe7 35. Rxh7+ $1 Rxh7 36. Bxh7 Qxh7 37. Rh3) 33...
Bd7 34. Rgh3 Be6 $1 {[%cal Ge6g8] Le B arrive а temps pour défendre la
faiblesse "h7"} 35. Qd2 Rg8 36. Bf3 1/2-1/2

[Event "Rohde op 09th"]
[Site "Sautron"]
[Date "2009.10.29"]
[Round "7"]
[White "Haub, Thorsten Michael"]
[Black "Delorme, Axel"]
[Result "1-0"]
[WhiteElo "2478"]
[BlackElo "2442"]
[Annotator "RR"]
[PlyCount "59"]
[EventDate "2009.10.24"]
[EventType "swiss"]
[EventRounds "9"]
[EventCountry "FRA"]
[SourceTitle "EXT 2010"]
[Source "ChessBase"]
[SourceDate "2010.11.25"]
[SourceVersion "1"]
[SourceVersionDate "2010.11.25"]
[SourceQuality "1"]

1. g3 d5 2. Bg2 g6 3. f4 Bg7 4. Nf3 c6 5. c3 Qb6 {[%csl Rf2,Rg1]} 6. d3 (6. h3
Nf6 7. Qb3 Na6 8. d3 O-O 9. Nbd2 Nc5 10. Qc2 a5 11. Nf1 Qc7 12. Be3 Ncd7 13.
N1d2 Nh5 14. Bf2 e5 15. e3 exf4 16. gxf4 b6 17. O-O c5 18. Rfe1 Bb7 19. Nf1 b5
20. Ng3 Nxg3 {Movsziszian,K (2440)-Lutz,C (2575)/Dresden 1995/EXT 1997/0-1 (38)
}) 6... Nf6 7. e3 Bf5 8. h3 (8. O-O {Gonzalez,B (2417)-Murillo,A (2374) CRI-ch
San Jose 2001 (7) 1/2}) 8... h5 9. Ng5 Na6 10. e4 dxe4 11. dxe4 Nc5 12. Qe2 (
12. exf5 Rd8 13. Qc2 Nd3+ 14. Kf1 gxf5 $13 {[%csl Rf1]}) 12... Bg4 13. hxg4
Nxg4 14. Rf1 O-O-O $15 15. Rf3 Nd3+ 16. Rxd3 Rxd3 17. Nxf7 Rxg3 (17... Qg1+ 18.
Qf1 Re3+ $40) 18. Nxh8 Qg1+ 19. Bf1 Bxh8 20. Bd2 $2 h4 21. Na3 h3 22. O-O-O h2
23. Qc4 h1=Q 24. Nb5 Bd4 $4 (24... Nf2) (24... Qf3 $142) 25. Qe6+ Kd8 26. Nxa7
Ke8 27. Qg8+ Kd7 28. Qc8+ Kd6 29. Qd8+ Ke6 30. Bc4+ 1-0

[Event "Rohde op 09th"]
[Site "Sautron"]
[Date "2009.10.28"]
[Round "6"]
[White "Haub, Thorsten Michael"]
[Black "Meijers, Viesturs"]
[Result "1/2-1/2"]
[WhiteElo "2478"]
[BlackElo "2471"]
[Annotator "RR"]
[PlyCount "115"]
[EventDate "2009.10.24"]
[EventType "swiss"]
[EventRounds "9"]
[EventCountry "FRA"]
[SourceTitle "EXT 2010"]
[Source "ChessBase"]
[SourceDate "2010.11.25"]
[SourceVersion "1"]
[SourceVersionDate "2010.11.25"]
[SourceQuality "1"]

1. g3 d5 2. Bg2 Nf6 3. f4 c5 (3... g6) 4. Nf3 Nc6 5. O-O g6 6. d3 Bg7 7. c3 O-O
8. Qe1 {[%cal Ge2e4]} d4 (8... b6 9. Na3 Ba6 {[%csl Rd3]} 10. Rb1 {[%cal Gb2b4,
Gb4b5]} Rc8 11. b4 $14) 9. Na3 Nd5 {[%csl Re3]} 10. Bd2 h6 (10... e5 $11 {
Grivas,E (2375)-Radulov,I (2430) Athens Acropolis op 1987 (2) 1/2}) 11. e4 $146
({RR} 11. Nc2 Be6 12. c4 Nc7 13. Rb1 Rb8 14. a4 Qd7 15. b4 cxb4 16. Nxb4 Nxb4
17. Bxb4 Na6 18. Ba3 Rfe8 19. Qa5 Bh3 20. Ne5 Bxe5 21. Bxh3 Qxh3 22. Qxe5 Qd7
23. f5 f6 24. Qb5 Red8 25. fxg6 Kg7 {Mozes,E (2262)-Liepold,S (2217)/Bayern
2003/EXT 2004/1-0 (42)}) 11... dxe3 12. Bxe3 Nxe3 13. Qxe3 Be6 $11 {[%csl Rd3]}
(13... Re8 14. Qxc5 Qxd3 (14... e5) 15. Rad1) 14. Qxc5 Qxd3 15. Rfd1 Qf5 (15...
Qe2 {[%cal Ge2b2]} 16. Rd2 {[%cal Ga1d1]}) 16. Qxf5 Bxf5 17. Nb5 Rad8 18. Nbd4
Nxd4 19. Nxd4 Bg4 20. Rd2 b6 21. h3 Be6 22. Rad1 $1 {Dans cette position plate,
les blancs trouvent des ressources pour garder l'égalité.} Bxa2 23. Nc6 Rxd2
24. Nxe7+ Kh7 25. Rxd2 Be6 26. Nc6 a5 27. Rd6 a4 28. Nd4 Bxd4+ 29. Rxd4 b5 30.
Rb4 a3 31. bxa3 Rc8 32. Rxb5 Rxc3 33. Kh2 Rxa3 34. Bd5 Bxd5 35. Rxd5 $11 {
la partie pouvait s'arrêter а ce moment} Ra2+ 36. Kg1 h5 37. h4 Kg7 38. Rd6 Re2
39. Kf1 Rc2 40. Ra6 Rd2 41. Rb6 Kf8 42. f5 gxf5 43. Rb5 f4 44. gxf4 Rd4 45. Rf5
Kg7 46. Kg2 f6 47. Kf3 Kg6 48. Ra5 Rd3+ 49. Kg2 Rc3 50. f5+ Kf7 51. Ra7+ Kf8
52. Rh7 Rc5 53. Rxh5 Kg7 54. Kf3 Rc4 55. Ke3 Ra4 56. Kf3 Rb4 57. Ke3 Ra4 58.
Kf3 1/2-1/2

[Event "Canadian op"]
[Site "Edmonton"]
[Date "2009.07.16"]
[Round "6"]
[White "Pechenkin, Vladimir"]
[Black "Kovalyov, Anton"]
[Result "0-1"]
[WhiteElo "2346"]
[BlackElo "2557"]
[Annotator "Shabalov,A"]
[PlyCount "100"]
[EventDate "2009.07.11"]
[EventType "swiss"]
[EventRounds "9"]
[EventCountry "CAN"]
[SourceTitle "CBM 132 Extra"]
[Source "ChessBase"]
[SourceDate "2009.11.03"]
[SourceVersion "1"]
[SourceVersionDate "2009.11.03"]
[SourceQuality "1"]

1. f4 d5 2. Nf3 g6 3. e3 Bg7 4. Be2 Nd7 5. O-O c6 6. c4 Ngf6 7. Nc3 dxc4 8.
Bxc4 O-O 9. d4 Nb6 10. Bd3 Nfd5 11. e4 Nxc3 12. bxc3 c5 13. Be3 Bg4 {After
unorthodox opening we've got some sort of "strange Grunfeld".Last move offers
a pawn sac,which white absolutely correctly accepts.} 14. dxc5 Nd7 15. Bb5 Qc7
16. Bxd7 Bxd7 17. Qc2 Rfd8 18. Rab1 Be6 19. Rf2 Rd7 20. Bd4 f6 21. Nd2 Bf7 22.
f5 Qc6 23. Re1 Rad8 24. Nf1 e5 25. fxe6 Qxe6 26. Re3 {It is hard to comment a
complicated middlegame like this.There's array of possibilities on every move,
but position becomes unchanged for a long time.} Re8 27. h3 Qc6 28. Ng3 Re6 29.
Ref3 h5 30. h4 Qa6 31. Qb1 Rc6 32. Qf1 Bc4 33. Qb1 Rf7 34. Kh1 Bf8 35. e5 fxe5
36. Bxe5 Bxc5 37. Rxf7 {It was almost impossible to find a winning} (37. Qc1 $3
{with the idea of Qh6.}) 37... Bxf7 38. Rd2 Be7 39. Rd7 Re6 40. Bb8 Bxh4 41.
Qxb7 $2 {This endgame is hopeless. Only total exchange of heavy pieces offered
some chances.} (41. Rxb7 Rb6 42. Rxb6 Qxb6 43. Qxb6 axb6 44. a3) 41... Qxb7 42.
Rxb7 Bf6 43. Kg1 a6 44. Rc7 h4 {Despite an even material white scattered
pieces don't stand a chance against black bishops.} 45. Nf1 Re2 46. Ba7 Bxa2
47. Ne3 Bg5 48. Ng4 Be6 49. Rc6 Kf7 50. Nh2 Rxg2+ 0-1

[Event "Politiken zt"]
[Site "Munkebo"]
[Date "1998.09.13"]
[Round "2.1"]
[White "Danielsen, Henrik"]
[Black "Wedberg, Tom Birger"]
[Result "0-1"]
[WhiteElo "2510"]
[BlackElo "2475"]
[Annotator "Wedberg,T"]
[PlyCount "78"]
[EventDate "1998.09.10"]
[EventType "k.o."]
[EventRounds "5"]
[EventCountry "DEN"]
[SourceTitle "CBM 067"]
[Source "ChessBase"]
[SourceDate "1998.11.30"]
[SourceVersion "2"]
[SourceVersionDate "1998.11.01"]
[SourceQuality "1"]

{[%mdl 400]} 1. f4 {Strangely enough I was completely unprepared for this.
Danielsen had played it in his previous match so I should normally have known
about it, but the organisers didn't bother to produce bulletins since
everything was on the internet. But most of the participants didn't have an
internet connection.} d5 2. Nf3 g6 3. g3 Bg7 4. Bg2 c5 5. O-O Nf6 6. d3 O-O 7.
c3 b6 8. Na3 Bb7 9. Qe1 Nbd7 10. h3 Qc7 11. g4 e5 12. Nb5 $6 (12. fxe5 Nxe5 13.
Nxe5 Qxe5 14. Bf4 Qe6 15. Nb5 Ne8 $13) 12... Qc6 $15 13. a4 (13. fxe5 Nxg4 $15)
13... e4 $1 14. Ne5 Nxe5 15. fxe5 Ne8 $6 (15... Nd7 16. c4 (16. dxe4 dxe4 17.
Nd6 Nxe5 18. Bxe4 Qxd6 19. Bxb7 Rad8 $15) (16. d4 f6 17. e6 a6 $1 $15) 16...
Nxe5 17. cxd5 Qxd5 18. Bxe4 (18. Nc7 $6 Qd4+ 19. e3 Qxd3 20. Nxa8 Bxa8 $17)
18... Qd7 19. Bxb7 Qxb7 $15) 16. dxe4 dxe4 17. Bf4 a6 18. Nd6 Nxd6 19. exd6 $13
{d6 - weak or strong thats the question.} Rad8 20. Qg3 Rfe8 21. Rad1 $6 (21.
Rfd1 Re6 22. Rd2 Bf8 (22... c4 $5) 23. c4 $13 Bxd6 $140 $4 24. Rad1 $18) 21...
Qxa4 $15 22. b3 Qd7 (22... Qxb3 $2 23. d7 Re7 24. Bg5 Be5 25. Bxe7 Bxg3 26.
Bxd8 $18) 23. Bg5 Rb8 24. Bf6 Bf8 25. c4 Re6 26. Ba1 $2 Rd8 27. Qh4 h6 $19 {
><d6} (27... Rxd6 $2 28. Be5 $1 Rxd1 29. Qf6 $18) 28. Rf6 g5 29. Qg3 Bg7 30.
Rxe6 Qxe6 31. Bxg7 Kxg7 32. Qe3 f6 33. Qd2 Rd7 34. e3 a5 35. Kh1 Qe5 36. Bf1
Kf7 37. b4 axb4 38. Qa2 Rxd6 39. Rb1 Rd7 0-1